| 000 | 00354nam a2200145Ia 4500 | ||
|---|---|---|---|
| 008 | 230627s9999 xx 000 0 und d | ||
| 020 | _a978-93-5035-010-2 | ||
| 041 | _amar | ||
| 082 |
_a346.052 _bDAS |
||
| 100 | _aDas P.K. | ||
| 245 | _aHindu Succession | ||
| 250 | _a3ed. | ||
| 260 |
_bUniversal Law Publishing Co. Pvt. Ltd. _c2011 |
||
| 300 | _a316p | ||
| 999 |
_c690022 _d690022 |
||